| 000 | 03024nam0a2200361 i 4500 | ||
|---|---|---|---|
| 001 | RU\NLR\BIBL_A\011496518 | ||
| 005 | 20260409080252.0 | ||
| 010 |
_a9785446515653 _9100 |
||
| 021 |
_aRU _b2017-70287 _94993 |
||
| 035 | _a(RuMoRGB)009395519 | ||
| 035 | _a(NLR Aleph) 011496518 | ||
| 090 |
_a11974579 _c11974579 |
||
| 100 | _a20171016d2017 km y0rusy50 ca | ||
| 101 | 0 | _arus | |
| 102 | _aRU | ||
| 105 | _aa|||z|||100zy | ||
| 200 | 1 |
_aАктуальные проблемы деятельности территориальных органов внутренних дел и образовательных организаций _iСекция "Организация огневой и физической подготовки" по теме: Актуальные проблемы обучения огневой и физической подготовке в образовательных организациях МВД России и практических органах внутренних дел _eматериалы Всероссийской научно-практической конференции, 29 мая 2017 года _fАкадемия государственной противопожарной службы МЧС России [и другие] _gпод общей редакцией А.Р. Косиковского |
|
| 210 |
_aМосква _cАкадемия управления МВД России _d2017 |
||
| 215 |
_a103 с. _cил., табл. _d21 |
||
| 320 | _aБиблиогр. в конце ст. | ||
| 517 | 1 | _aОрганизация огневой и физической подготовки | |
| 606 |
_aПрофессионально-прикладная физическая подготовка _xВысшие учебные заведения МВД Российской Федерации _jСъезды, совещания и т.п _3RU\NLR\AUTH\6601586787 _92263701 |
||
| 610 | 0 | _aпрофессионально-прикладная физическая культура курсантов МВД | |
| 686 | 1 | _aЧ511.153.18е(2Р)я73 | |
| 686 | 1 | _aХ621.163.01я73 | |
| 702 | 1 |
_aКосиковский _bА. Р. _gАлександр Ричардович _4340 |
|
| 711 | 1 | 2 |
_aВсероссийская научно-практическая конференция на тему: "Актуальные проблемы деятельности территориальных органов внутренних дел и образовательных организаций" _f2017 _eМосква _3RU\NLR\AUTH\8810024575 _9547377 |
| 712 | 0 | 2 |
_4570 _aАкадемия государственной противопожарной службы _cМосква _3RU\NLR\AUTH\8810040060 _9579179 |
| 942 | _cBOOK | ||
| 980 | _aNBR | ||